00652nam a2200181 a 450000100100000000500170001000800410002704000250006808200150009311000320010824000190014024500800015926000720023930000200031104900090033195201130034099900170045300001427920200929163544.0091209s1928 dr 000 0 spa d aDO-SdBNPbspacBNPHU axxxbR426l1 aRepública Dominicana944713a[ Leyes, etc.]10aLey No. 190 con sus modificaciones y reglamento No. 1 para su aplicación. aSanto Domingo :bImprenta de J. R. Vda. García, Sucesores,c1928. a35 p. ;c25 cm. aBNPD 0010718PDaPDbPDcCTd2009-12-09iLF1l0oxxx R426lp14279-10r2020-06-25w2020-06-25yLFPDZNo se presta c13875d13875